Viaje al Río de La Plata (Record no. 139928)

MARC details
000 -LEADER
campo de control de longitud fija 01085nam a2200253 i 4500
001 - NÚMERO DE CONTROL
campo de control 139928
003 - IDENTIFICADOR DE NÚMERO DE CONTROL
campo de control ES-MaACL
005 - FECHA Y HORA DE LA ÚLTIMA TRANSACCIÓN
campo de control 20230906195941.0
007 - CAMPO FIJO DE DESCRIPCIÓN FÍSICA--INFORMACIÓN GENERAL
campo de control de longitud fija t|
008 - DATOS DE LONGITUD FIJA--INFORMACIÓN GENERAL
campo de control de longitud fija 070214s1903 ag r ||||1| spa d
100 1# - ENTRADA PRINCIPAL--NOMBRE DE PERSONA
Nombre de persona Schmidel, Ulrich.
9 (RLIN) 104457
245 10 - MENCIÓN DEL TÍTULO
Título Viaje al Río de La Plata
Resto del título : (1534-1554) /
Mención de responsabilidad, etc. Ulrich Schmidel ; notas bibliográficas y biográficas por Bartolomé Mitre ; prólogo, traducción y anotaciones por Samuel A. Lafone Quevedo.
260 ## - PUBLICACIÓN, DISTRIBUCIÓN, ETC.
Lugar de publicación, distribución, etc. Buenos Aires :
Nombre del editor, distribuidor, etc. Cia. Sudamericana,
Fecha de publicación, distribución, etc. 1903.
300 ## - DESCRIPCIÓN FÍSICA
Extensión 499 p. ;
Dimensiones 23 x 15 cm +
Material acompañante/anejo 3 map.
490 1# - MENCIÓN DE SERIE
Mención de serie Biblioteca de la Junta de Historia y Numismática Americana ;
Designación de volumen o secuencia 1
650 #4 - PUNTO DE ACCESO ADICIONAL DE MATERIA--TÉRMINO DE MATERIA
Término de materia o nombre geográfico como elemento de entrada Indios de América del Sur.
9 (RLIN) 158618
651 #4 - PUNTO DE ACCESO ADICIONAL DE MATERIA--NOMBRE GEOGRÁFICO
Nombre geográfico América del Sur-
Subdivisión general Descubrimientos y exploraciones-
-- Españoles.
9 (RLIN) 158619
700 1# - ENTRADA AGREGADA--NOMBRE PERSONAL
Nombre de persona Mitre, Bartolomé.
9 (RLIN) 81705
700 1# - ENTRADA AGREGADA--NOMBRE PERSONAL
Nombre de persona Lafone Quevedo, Samuel A.
9 (RLIN) 69503
710 2# - ENTRADA AGREGADA--NOMBRE DE ENTIDAD CORPORATIVA
Nombre de entidad corporativa o nombre de jurisdicción como elemento de entrada Junta de Historia y Numismática Americana.
9 (RLIN) 5393
830 0# - PUNTO DE ACCESO ADICIONAL DE SERIE-TÍTULO UNIFORME
Título uniforme Biblioteca de la Junta de Historia y Numismática Americana ;
Designación de volumen o secuencia 1
9 (RLIN) 187162
852 ## - LOCALIZACIÓN
Ubicación ES-MaACL
Número de control de estantería F-3435
Holdings
Estatus retirado Estado de pérdida Estado de daño No para préstamo Biblioteca de origen Biblioteca actual Ubicación en estantería Fecha de adquisición Fuente de adquisición Total de préstamos Signatura topográfica completa Código de barras Visto por última vez Precio de reemplazo Tipo de ítem Koha
        Biblioteca del Ateneo de Madrid Biblioteca del Ateneo de Madrid Depósito 2 17/01/2008     F-3435 1145612 23/02/2023 23/02/2023 Libro impreso